|
|
|
|
| LEADER |
00000nam a2200000 a 4500 |
| 001 |
UCY3840 |
| 003 |
CL-VaPUC |
| 008 |
950119e19900000SP |||||||||||||||||spa|d |
| 082 |
0 |
4 |
|a 070.01
|b AGU
|2 21
|
| 100 |
0 |
|
|a Aguilera Perello, Octavio
|e author
|9 332249
|
| 245 |
1 |
4 |
|a Las ideologías en el periodismo
|
| 300 |
|
|
|a 190 p
|
| 942 |
|
|
|c BK
|
| 945 |
|
|
|d 19950119 00:00:00
|a rbrito
|
| 260 |
|
|
|a Madrid
|b Paraninfo
|c 1990
|
| 650 |
|
0 |
|a Filosofía de las ciencias sociales
|9 268057
|
| 650 |
|
0 |
|a Periodismo
|9 310113
|
| 583 |
|
|
|a last modification
|c 20121002 10:53:16
|k Rodrigo Vera
|
| 999 |
|
|
|c 231884
|d 231882
|
| 952 |
|
|
|0 0
|1 0
|4 0
|6 070_010000000000000_AGU_1990
|7 0
|8 A
|9 235674
|a BIBCUR
|b BIBCUR
|d 2019-11-15
|i 3049515
|o 070.01 AGU 1990
|p 3049515
|r 2025-04-22
|w 2019-11-15
|y BK
|k PER
|